| 000 | 00557nam a2200169 a 4500 | ||
|---|---|---|---|
| 005 | 20251202064027.0 | ||
| 008 | 991125s1957 cr 000 0 spa u | ||
| 035 | _aUPN01000023532 | ||
| 049 | _aCE | ||
| 050 | 4 |
_aLB2008 _aA7.4 |
|
| 100 | 1 | _aArce C., Jorge | |
| 245 | 1 | 0 |
_aEvolución de la enseñanza normal en Costa Rica : _bdatos generales / _cJorge Arce C. |
| 260 |
_aSan José, C.R. : _bMinisterio de Educación Publica, Supervisión de Enseñanza Normal, _c1957. |
||
| 300 | _a112 h. | ||
| 650 | 4 |
_aEducación normal _zCosta Rica _918660 |
|
| 905 | _aLibro | ||
| 999 |
_c23532 _d23532 |
||